The HR Value Proposition / (Record no. 10599)
[ view plain ]
| 000 -Đầu biểu | |
|---|---|
| 00729nam a22002177a 4500 | |
| 005 - Thời gian tạo/Chỉnh sửa | |
| 20241023155050.0 | |
| 008 - Cấu thành dữ liệu có độ dài cố định -- Thông tin chung | |
| 240520b vm ||||| |||| 00| | vie d | |
| 020 ## - Chỉ số ISBN | |
| Số ISBN | 1591397073 |
| 041 ## - Mã ngôn ngữ | |
| Mã ngôn ngữ chính văn | eng |
| 082 ## - Chỉ số phân loại DDC | |
| Chỉ số cutter | ULR |
| Ký hiệu phân loại | 658.3 |
| 100 ## - Tiêu đề chính - Tên cá nhân | |
| Tên cá nhân | Ulrich, David |
| 245 ## - Nhan đề và thông tin trách nhiệm | |
| Nhan đề | The HR Value Proposition / |
| Thông tin trách nhiệm | David Ulrich, Wayne Brockbank |
| 260 ## - Địa chỉ xuất bản | |
| Nơi xuất bản | America : |
| Nhà xuất bản | Press, |
| Năm xuất bản, phát hành | 2005 |
| 300 ## - Mô tả vật lý | |
| Số trang | 314 p. ; |
| Khổ cỡ | 21 cm. |
| 650 ## - Từ khóa kiểm soát | |
| Từ khóa kiểm soát | Human resourse mangement |
| 653 ## - Từ khóa tự do | |
| Từ khóa tự do | Quản lý nhân sự |
| 700 ## - Tiêu đề bổ sung - Tên cá nhân | |
| Tên cá nhân | Brockbank, Wayne |
| 856 40 - Địa chỉ điện tử | |
| Địa chỉ điện tử | <a href="The HR Value Proposition">The HR Value Proposition</a> |
| 919 ## - Chuyên ngành | |
| Chương trình đào tạo | Chương trình thạc sĩ MFM |
| Loại tài liệu | Sách tham khảo chương trình thạc sĩ MFM |
| Mã học phần | INS7010 |
| Tên học phần | Quản trị nhân sự |
| -- | Human Resources Management |
| 942 ## - Dạng tài liệu (KOHA) | |
| Nguồn phân loại | |
| Kiểu tài liệu | Sách tham khảo |
| Dừng lưu thông | Mất tài liệu | Nguồn phân loại | Hư hỏng tài liệu | Không cho mượn | Thư viện sở hữu | Thư viện hiện tại | Kho tài liệu | Ngày bổ sung | Số lần ghi mượn | Ký hiệu phân loại | Đăng ký cá biệt | Cập nhật lần cuối | Ngày áp dụng giá thay thế | Kiểu tài liệu |
|---|---|---|---|---|---|---|---|---|---|---|---|---|---|---|
| N/A | N/A | N/A | N/A | Thư viện Trường Quốc tế - Cơ sở Xuân Thủy | Thư viện Trường Quốc tế - Cơ sở Xuân Thủy | Kho STK tiếng Anh | 20/05/2024 | ULR | E-B7/09524 | 20/05/2024 | 20/05/2024 | Sách tham khảo |



